[Event "Florianopolis op 2nd"]
[Site "Florianopolis"]
[Date "2016.01.17"]
[Round "3"]
[White "Machado, Jonatan"]
[Black "Stivanelli, Leonardo Alexandre"]
[Result "0-1"]
[WhiteElo "1700"]
[BlackElo "1957"]
[PlyCount "119"]
[EventDate "2016.01.16"]
[EventType "swiss"]
[EventRounds "10"]
[EventCountry "BRA"]
[SourceTitle "CBM 170 Extra"]
[Source "ChessBase"]
[SourceDate "2016.02.25"]
[SourceVersion "1"]
[SourceVersionDate "2016.02.25"]
[SourceQuality "1"]

1. e4 e6 2. Qe2 Ne7 3. d4 d5 4. e5 c5 5. c3 Nbc6 6. Nf3 Qb6 7. dxc5 Qxc5 8. Be3 Qa5 9. Nbd2 Ng6 10. Nb3 Qc7 11. Bd4 Be7 12. h4 Nf8 13. Qe3 Nd7 14. Bd3 b6 15. h5 Ncb8 16. h6 g6 17. Ng5 Nc5 18. Bc2 Qd8 19. f4 Nbd7 20. 0-0 Bb7 21. Nd2 Qc7 22. Rae1 Bxg5 23. fxg5 0-0 24. Nf3 Rac8 25. Nd2 Na6 26. Nb1 Nb4 27. Bb3 Nc6 28. Na3 a6 29. Qf4 b5 30. Bc5 Ncxe5 31. Bxf8 Rxf8 32. Bc2 Qb8 33. Re2 Nc6 34. Qxb8 Rxb8 35. Nb1 b4 36. Ref2 Nde5 37. Nd2 bxc3 38. bxc3 f5 39. gxf6 Kf7 40. Rf4 Bc8 41. Nb3 Nd7 42. Ra4 Nce5 43. Rb1 Nc4 44. Nd4 Rxb1+ 45. Bxb1 a5 46. Nc6 Nc5 47. Rxc4 dxc4 48. Ne5+ Kxf6 49. Nxc4 Na4 50. Nxa5 Nxc3 51. Bc2 Nxa2 52. Nc6 Bb7 53. Nd4 e5 54. Nb5 Nb4 55. Bd1 Kg5 56. Nd6 Bd5 57. Bf3 Bxf3 58. gxf3 Nc6 59. Nf7+ Kf5 60. Nd6+ 0-1

[Event "Lages-ch"]
[Site "Lages"]
[Date "2014.05.??"]
[Round "3"]
[White "Demertine, Matheus Leandro"]
[Black "Machado, Jonatan"]
[Result "1-0"]
[WhiteElo "2053"]
[BlackElo "1669"]
[PlyCount "57"]
[EventDate "2014.05.22"]
[EventType "swiss"]
[EventRounds "4"]
[EventCountry "BRA"]
[SourceTitle "EXT 2022"]
[Source "ChessBase"]
[SourceDate "2021.10.06"]
[SourceVersion "1"]
[SourceVersionDate "2021.10.06"]
[SourceQuality "1"]

1. b3 e5 2. Bb2 Nc6 3. e3 Nf6 4. Bb5 d6 5. d4 Bd7 6. dxe5 Nxe5 7. Bxd7+ Qxd7 8. Nf3 Nxf3+ 9. gxf3 Be7 10. Qd4 Qf5 11. Nd2 0-0 12. Rg1 c5 13. Qc3 d5 14. 0-0-0 Qe6 15. Rg5 d4 16. Qc4 Qxc4 17. Nxc4 b5 18. Nd2 h6 19. Rg2 dxe3 20. Ne4 e2 21. Rdg1 e1Q+ 22. Rxe1 Kh7 23. Ng5+ hxg5 24. Rxe7 Nd5 25. Rd7 Nb6 26. Rc7 c4 27. Rxg5 f6 28. Rg3 Kh6 29. Bxf6 1-0

[Event "Sao Bento do Sul op 2nd"]
[Site "Sao Bento do Sul"]
[Date "2014.02.23"]
[Round "6"]
[White "Pereira, Armando Scharlau"]
[Black "Machado, Jonatan"]
[Result "1-0"]
[WhiteElo "1732"]
[BlackElo "1745"]
[PlyCount "54"]
[EventDate "2014.02.21"]
[EventType "swiss"]
[EventRounds "6"]
[EventCountry "BRA"]
[SourceTitle "CBM 159 Extra"]
[Source "ChessBase"]
[SourceDate "2014.04.24"]
[SourceVersion "1"]
[SourceVersionDate "2014.04.24"]
[SourceQuality "1"]

1. Nf3 Nf6 2. d4 g6 3. Bg5 Bg7 4. Nbd2 d5 5. e3 0-0 6. Bd3 Nbd7 7. Qe2 Re8 8. 0-0 h6 9. Bh4 c6 10. c4 Nf8 11. Rfd1 g5 12. Bg3 Bg4 13. h3 Bh5 14. Rac1 Rc8 15. c5 Ng6 16. Qf1 Nd7 17. Re1 e5 18. Bf5 e4 19. Nh2 Ne7 20. Bg4 Bxg4 21. Nxg4 f5 22. Nh2 Ng6 23. f4 Qa5 24. Rc2 gxf4 25. Bxf4 Qxa2 26. Ra1 Qxa1 27. Qxa1 a6 1-0

[Event "Sao Bento do Sul op 2nd"]
[Site "Sao Bento do Sul"]
[Date "2014.02.21"]
[Round "2"]
[White "Sprotte, Daniel Gustavo"]
[Black "Machado, Jonatan"]
[Result "0-1"]
[WhiteElo "1886"]
[BlackElo "1745"]
[PlyCount "90"]
[EventDate "2014.02.21"]
[EventType "swiss"]
[EventRounds "6"]
[EventCountry "BRA"]
[SourceTitle "CBM 159 Extra"]
[Source "ChessBase"]
[SourceDate "2014.04.24"]
[SourceVersion "1"]
[SourceVersionDate "2014.04.24"]
[SourceQuality "1"]

1. e4 c5 2. c3 d6 3. d4 cxd4 4. cxd4 Nf6 5. Nc3 e6 6. Nf3 Be7 7. Bd3 a6 8. 0-0 b5 9. Qe2 Bb7 10. Bg5 Nbd7 11. Rfd1 Rc8 12. Bxf6 Nxf6 13. e5 dxe5 14. dxe5 Nd7 15. Ne4 Qb6 16. Nd6+ Bxd6 17. exd6 h6 18. Ne5 Nxe5 19. Qxe5 0-0 20. d7 Rcd8 21. Rac1 Bc6 22. Qd6 Rxd7 23. Qxc6 Qxc6 24. Rxc6 Rfd8 25. Kf1 Rxd3 26. Rxd3 Rxd3 27. Ke2 Rd5 28. Rxa6 g5 29. Ke3 Kg7 30. a4 bxa4 31. Rxa4 Kf6 32. b4 Ke7 33. Ra7+ Kf6 34. Rb7 Rd1 35. Rb8 Rb1 36. g3 Rb3+ 37. Kd4 Rf3 38. Rh8 Rxf2 39. Rxh6+ Kg7 40. Rh5 f6 41. h4 e5+ 42. Kd5 g4 43. b5 Rf3 44. b6 Rxg3 45. Kc6 Rc3+ 0-1

[Event "Catarinense-ch U20"]
[Site "Concordia"]
[Date "2013.05.19"]
[Round "6"]
[White "Bertol, Jean Carlo"]
[Black "Machado, Jonatan"]
[Result "1-0"]
[WhiteElo "1843"]
[BlackElo "1752"]
[PlyCount "69"]
[EventDate "2013.05.17"]
[EventType "swiss"]
[EventRounds "6"]
[EventCountry "BRA"]
[SourceTitle "EXT 2015"]
[Source "ChessBase"]
[SourceDate "2014.11.20"]
[SourceVersion "1"]
[SourceVersionDate "2014.11.20"]
[SourceQuality "1"]

1. e4 Nf6 2. Nc3 d5 3. exd5 Nxd5 4. Bc4 Be6 5. Qf3 c6 6. d3 Nc7 7. Bxe6 Nxe6 8. Be3 g6 9. Nge2 Bg7 10. h4 Nd7 11. 0-0-0 Nf6 12. g4 Nc7 13. h5 Ncd5 14. Bd2 Rf8 15. Kb1 Qd7 16. Rdg1 0-0-0 17. Qg2 e5 18. f3 Nb4 19. Nc1 Nfd5 20. Qf2 Kb8 21. Ne4 b6 22. c4 Nf4 23. Bxb4 Nxd3 24. Nxd3 Qxd3+ 25. Ka1 c5 26. Bc3 Qxc4 27. Rd1 Qe6 28. Qe2 Ka8 29. hxg6 hxg6 30. Rd2 Rh8 31. Rxh8 Rxh8 32. Rd1 Rg8 33. Rd6 Qe7 34. Qd1 Qh4 35. Rd7 1-0